Poultry events: the amazing story of a macho king (Record no. 33708)

MARC details
000 -LEADER
fixed length control field 00455nam a2200181Ia 4500
020 ## - INTERNATIONAL STANDARD BOOK NUMBER
ISBN 9789789297016
050 ## - CALL MARK
Classification number PR 9387 .U34/
100 ## - STATEMENT OF RESPONSIBILITY--MAIN AUTHOR NAME
Personal name Udechukwu Amaefuna C.
245 #0 - TITLE STATEMENT
Title Poultry events: the amazing story of a macho king
260 ## - PUBLICATION, DISTRIBUTION, ETC. (IMPRINT)
Place of publication Aba/Abia-State
260 ## - PUBLICATION, DISTRIBUTION, ETC. (IMPRINT)
Name of publisher Hoplite Farms
260 ## - PUBLICATION, DISTRIBUTION, ETC. (IMPRINT)
Year of publication 2015
300 ## - PHYSICAL DESCRIPTION
Number of Pages 124 p
650 ## - SUBJECT ADDED ENTRY--TOPICAL TERM
Topical Term Poultry Events
942 ## - ADDED ENTRY ELEMENTS (KOHA)
Koha item type Books
Holdings
Withdrawn status Lost status Source of classification or shelving scheme Damaged status Not for loan Permanent Location Current Location Date acquired Accession Number Price effective from Koha item type
    Library of Congress Classification     NILE UNIVERSITY OF NIGERIA - MAIN LIBRARY NILE UNIVERSITY OF NIGERIA - MAIN LIBRARY 04/23/2025 0190834 04/23/2025 Books